Statistics for Top 120 Countries with the Highest HDI

Click here to take the quiz!

General Stats

  • This quiz has been taken 39 times
    (38 since last reset)
  • The average score is 94 of 120

Answer Stats

HDIAnswer% Correct
0.842Argentina
93%
0.855Chile
93%
0.940Finland
93%
0.961Norway
93%
0.805Panama
93%
0.947Sweden
93%
0.929United Kingdom
93%
0.921United States Of America
93%
0.937Belgium
90%
0.948Denmark
90%
0.846Hungary
90%
0.959Iceland
90%
0.919Israel
90%
0.863Latvia
90%
0.941Netherlands
90%
0.866Portugal
90%
0.822Russia
90%
0.875Saudi Arabia
90%
0.918Slovenia
90%
0.713South Africa
90%
0.905Spain
90%
0.962Switzerland
90%
0.951Australia
87%
0.916Austria
87%
0.754Brazil
87%
0.936Canada
87%
0.858Croatia
87%
0.889Czech Republic
87%
0.890Estonia
87%
0.945Ireland
87%
0.925Japan
87%
0.875Lithuania
87%
0.803Malaysia
87%
0.767Moldova
87%
0.937New Zealand
87%
0.816Oman
87%
0.876Poland
87%
0.848Slovakia
87%
0.925South Korea
87%
0.800Thailand
87%
0.911United Arab Emirates
87%
0.809Uruguay
87%
0.745Algeria
83%
0.795Bulgaria
83%
0.768China
83%
0.752Colombia
83%
0.809Costa Rica
83%
0.942Germany
83%
0.887Greece
83%
0.705Indonesia
83%
0.774Iran
83%
0.895Italy
83%
0.935Liechtenstein
83%
0.717Paraguay
83%
0.762Peru
83%
0.855Qatar
83%
0.802Serbia
83%
0.939Singapore
83%
0.838Turkey
83%
0.773Ukraine
83%
0.691Venezuela
83%
0.858Andorra
80%
0.808Belarus
80%
0.780Bosnia and Herzegovina
80%
0.731Egypt
80%
0.903France
80%
0.714Guyana
80%
0.930Luxembourg
80%
0.758Mexico
80%
0.832Montenegro
80%
0.785Seychelles
80%
0.730Suriname
80%
0.731Tunisia
80%
0.703Vietnam
80%
0.812Bahamas
77%
0.875Bahrain
77%
0.740Ecuador
77%
0.730Fiji
77%
0.831Kuwait
77%
0.706Lebanon
77%
0.739Mongolia
77%
0.821Romania
77%
0.796Albania
73%
0.720Jordan
73%
0.811Kazakhstan
73%
0.918Malta
73%
0.770North Macedonia
73%
0.777St Kitts and Nevis
73%
0.745Tonga
73%
0.759Armenia
70%
0.896Cyprus
70%
0.767Dominican Republic
70%
0.802Georgia
70%
0.709Jamaica
70%
0.802Mauritius
70%
0.853San Marino
70%
0.715St Lucia
70%
0.810Trinidad and Tobago
70%
0.745Turkmenistan
70%
0.745Azerbaijan
67%
0.692Bolivia
67%
0.764Cuba
67%
0.720Dominica
67%
0.692Kyrgyzstan
67%
0.747Maldives
67%
0.707Samoa
67%
0.751St Vincent and the Grenadines
67%
0.727Uzbekistan
67%
0.788Antigua and Barbuda
63%
0.790Barbados
63%
0.767Palau
63%
0.829Brunei
60%
0.795Grenada
60%
0.782Sri Lanka
60%
0.693Botswana
57%
0.718Libya
57%
0.699Philippines
53%
0.706Gabon
43%
0.952Hong Kong
33%
0.715Palestine
3%

Score Distribution

Percentile by Number Answered

Percent of People with Each Score

Your Score History

You have not taken this quiz since the last reset